GREEN HOUSE TECHNOLOGY AND MANAGEMENT (Record no. 8134)

MARC details
000 -LEADER
fixed length control field 00483nam a22001817a 4500
005 - DATE AND TIME OF LATEST TRANSACTION
control field 20230110102721.0
008 - FIXED-LENGTH DATA ELEMENTS--GENERAL INFORMATION
fixed length control field 221219b |||||||| |||| 00| 0 eng d
020 ## - INTERNATIONAL STANDARD BOOK NUMBER
ISBN 978-817800-13-4
041 ## - LANGUAGE CODE
Language code of text/sound track or separate title eng
082 ## - DEWEY DECIMAL CLASSIFICATION NUMBER
Classification number 653.9 MAN-G
100 ## - MAIN ENTRY--AUTHOR NAME
Personal name MANOHAR , K. RADHA AND IGATHINATHANE C.
245 ## - TITLE STATEMENT
Title GREEN HOUSE TECHNOLOGY AND MANAGEMENT
250 ## - EDITION STATEMENT
Edition statement 2nd
260 ## - PUBLICATION, DISTRIBUTION, ETC. (IMPRINT)
Place of publication HYDERABAD
Name of publisher BSP PUBLICATIONS
Year of publication 2020
300 ## - PHYSICAL DESCRIPTION
Number of Pages 212;P.
650 ## - SUBJECT ADDED ENTRY--TOPICAL TERM
Topical Term AGRICULTURE
942 ## - ADDED ENTRY ELEMENTS (KOHA)
Koha item type Books
Holdings
Lost status Damaged status Collection code Home library Current library Shelving location Date acquired Source of acquisition Cost, normal purchase price Full call number Accession Number Koha item type
    Reference JRU Library JRU Library SHELF-2-D 10/11/2022 LOHIA BOOK INTERNATIONAL 1095.00 653.9-MAN-G 27105 Books
    AGRICULTURE JRU Library JRU Library SHELF-14-G 10/11/2022 LOHIA BOOK INTERNATIONAL 1095.00 653.9-MAN-G 27106 Books
    AGRICULTURE JRU Library JRU Library SHELF-14-G 10/11/2022 LOHIA BOOK INTERNATIONAL 1095.00 653.9-MAN-G 27107 Books
    AGRICULTURE JRU Library JRU Library SHELF-45-B 10/11/2022 LOHIA BOOK INTERNATIONAL 1095.00 653.9-MAN-G 27108 Books
    AGRICULTURE JRU Library JRU Library SHELF-45-B 10/11/2022 LOHIA BOOK INTERNATIONAL 1095.00 653.9-MAN-G 27109 Books